Pokémon Trivia by Letter - A - Statistics

General Stats
  • This quiz has been taken 72 times
  • The average score is 7 of 20
Answer Stats
Hint Answer % Correct
Rival team of Magma Team Aqua
97%
Gen 5's sole Mega Evolution Audino
71%
Lance uses this non-Dragon-type Aerodactyl
67%
Only Bug-type member of an Elite Four Aaron
64%
A soothing scent is released to heal the party's status problems Aromatherapy
60%
Signature ability of Calyrex's Rider forms As One
53%
This country's App Store let you download Pokémon Go early Australia
45%
Only place to walk your Pokémon in Sinnoh Amity Square
38%
Town in Unova that can't be reached on foot Anville Town
34%
Olympia's home city Anistar City
33%
Galarian form described as the Cruel Pokémon Galarian Articuno
33%
Has Swift Swim, but weak to Water Anorith / Armaldo
24%
You're only allowed one of these cards per TCG deck ACE SPEC
21%
The user attacks the target while crying out in a startling fashion Astonish
21%
Kidnapped by Drowzee in MD: Explorers of Time/Darkness/Sky Azurill
19%
Shares a Pokédex category with Lanturn Ampharos
17%
Metric moves are judged against when performed in Contests Appeal
14%
Oakley's Team Rocket human partner Annie
12%
Island on which Pokémon Unite games are held Aeos Island
9%
Five of these gets your Pokémon a new move at the Master Dojo Armorite Ore
3%
No matching quizzes found
Score Distribution
Percent of People with Each Score
Percentile by Number Answered
Your Score History
You have not taken this quiz